000 01280nam a2200337 i 4500
003 EG-GICUC
005 20260428205222.0
008 260428s1925 ua |||fr|||| 00| 0 ara d
040 _a EG-GICUC
_bara
_c EG-GICUC
_d EG-GICUC
_erda
041 0 _aAra
082 0 4 _221
_a343.766062
_bع ل . م
092 0 4 _221
099 _aLaw1 10 343.766062 ع ل . م [1925]
100 0 _aعلى حلمى بك
_eمؤلف.
245 1 0 _aمصر والنظم التأديبية /
_cتأليف الدكتور على حلمى بك.
250 _aالطبعة الأولى
264 1 _aمصر :
_bمطبعة مصر ،
_c[1925].
300 _a235 صفحة ;
_c24 سم.
_bإيضاحيات، صور، مثيليات ؛
336 _2rda content
_atext
337 _2rda media
_aComputer
338 _2rda carrier
_aOnline Resource
504 _a. 240-220 ببليوجرافيا: صفحات.
546 _aالنص باللغة العربية
650 1 _aالقانون الجنائى
_2qrmak
650 1 _aالسجون والمؤسسات العقابية والإصلاحية
_2qrmak
650 1 _aالنظم التأديبية
_xمصر
_2qrmak
651 1 _2qrmak
856 4 0 _uhttps://fll.law.cu.edu.eg/fulltext/bks/B10-08036.pdf
905 _a43
_eYara
942 _2ddc
_cBK
_e21
_n0
999 _c74000
_d74000